Řecká Abeceda težší verze - Statistics

General Stats
  • This quiz has been taken 77 times
  • The average score is 14 of 24
Answer Stats
Answer % Correct
alfa
100%
beta
100%
delta
100%
gama
98%
epsilon
84%
omega
80%
66%
63%
psí
61%
57%
lambda
55%
50%
théta
50%
kappa
48%
éta
46%
sigma
45%
41%
omikron
41%
ióta
39%
ksí
38%
zéta
38%
ypsilon
34%
chí
30%
tau
27%
No matching quizzes found
Score Distribution
Percent of People with Each Score
Percentile by Number Answered
Your Score History
You have not taken this quiz